| 000 | 00925nam a22002897a 4500 | ||
|---|---|---|---|
| 003 | CHAP | ||
| 005 | 20220329134750.0 | ||
| 008 | 971013s1970 r 00010 d | ||
| 010 | _a25531 | ||
| 011 | _a26503 | ||
| 035 | _a30604 | ||
| 040 | _cCHAP | ||
| 090 | _aFolleto 2923y | ||
| 100 | 0 | 0 |
_aBuckner, Robert C. _915911 |
| 245 | 1 | _aInfección de las patas del ganado vacuno por pasto festuca ; forma de combatirla | |
| 260 |
_aMéxico, D. F. : _bCentro Regional de Ayuda Técnica, _c1970 |
||
| 300 |
_a(s.p.) _b: ilus. |
||
| 500 | _aHoja desplegable | ||
| 590 |
_aBATCH-UPD _b10 _c20130110 _lUCH01 _h1725 |
||
| 590 |
_aCONVERSION _b10 _c20130109 _lUCH01 _h1315 |
||
| 650 | 1 | 4 |
_aFestuca arundinacea. _940663 |
| 650 | 1 | 4 |
_aGanado vacuno _xEnfermedades. _945460 |
| 901 | _aBK | ||
| 942 | _cFOLL | ||
| 949 |
_aFolleto 2923y _bBC _cFOLL _d-70926 _eTS1 _i30604 _si |
||
| 949 |
_aFolleto 2923y _bBC _cFOLL _d-70927 _eTS2 _fc.2 _i30604 _si |
||
| 999 |
_c25531 _d25531 |
||